000 00828nam a2200241ra 4500
001 8074
003 BD-RjUL
005 20211208234523.0
008 140116r19661957nju 00110 eng d
035 _a(BD-RjUL)8119
040 _dVDU:M
_dVMOU
_aBD-RjUL
_beng
_cBD-RjUL
041 _aeng
082 0 0 _a492.7824
_220
_bZAI 1966
100 1 _aZiadeh, Farhat Jacob.
_925182
245 1 3 _aAn introduction to modern Arabic /
_cby Farhat J. Ziadeh and R. Bayly Winder.
260 0 _aPrinceton, N.J. :
_bPrinceton University Press,
_c1957 [reprinted 1966].
300 _axii, 297 p. ;
_c24 cm.
504 _aIncludes indexes.
650 0 _aArabic language
_xGrammar.
_922321
650 0 _aArabic language
_xTextbooks for foreign speakers
_xEnglish.
_922743
700 1 _aWinder, R. Bayly
_q(Richard Bayly),
_d1920-
_925183
942 _2ddc
_cBK
999 _c8074
_d8074